[Event "UKR-chT 9th"]
[Site "Alushta"]
[Date "2001.04.??"]
[Round "3"]
[White "Karjakin, Sergey"]
[Black "Kobylkin, Evgeni"]
[Result "1/2-1/2"]
[WhiteElo "2269"]
[BlackElo "2315"]
[PlyCount "70"]
[EventDate "2001.04.06"]
[EventType "team-tourn"]
[EventRounds "9"]
[EventCountry "UKR"]
[SourceTitle "EXT 2019"]
[Source "ChessBase"]
[SourceDate "2018.10.10"]
[SourceVersion "1"]
[SourceVersionDate "2018.10.10"]
[SourceQuality "1"]
[WhiteTeam "Chaika Grandmasters' School"]
[BlackTeam "Luhansk Chess Club"]
[WhiteTeamCountry "UKR"]
[BlackTeamCountry "UKR"]

1. e4 e6 2. d4 d5 3. Nc3 Nf6 4. Bg5 Bb4 5. e5 h6 6. Bd2 Bxc3 7. bxc3 Ne4 8. Qg4
g6 9. Bd3 Nxd2 10. Kxd2 c5 11. h4 Qe7 12. Nf3 Bd7 13. Qf4 c4 14. Be2 Bc6 15.
Nh2 Nd7 16. Ng4 h5 17. Nf6+ Nxf6 18. exf6 Qa3 19. Qc7 Rd8 20. Rab1 Qd6 21. Qxd6
Rxd6 22. Ke3 Kd7 23. Kf4 Kc7 24. Ke5 Rdd8 25. Rh2 Ba4 26. Rb2 Rdg8 27. f4 Rh7
28. Bf3 Rhh8 29. g3 Rh7 30. Rb4 Bc6 31. Rb1 Rgh8 32. Rg1 Bd7 33. Bd1 Bc6 34.
Bf3 Bd7 35. Rb1 Bc6 1/2-1/2

[Event "UKR-chT 9th"]
[Site "Alushta"]
[Date "2001.04.??"]
[Round "4"]
[White "Eljanov, Pavel"]
[Black "Karjakin, Sergey"]
[Result "0-1"]
[WhiteElo "2556"]
[BlackElo "2269"]
[PlyCount "92"]
[EventDate "2001.04.06"]
[EventType "team-tourn"]
[EventRounds "9"]
[EventCountry "UKR"]
[SourceTitle "EXT 2019"]
[Source "ChessBase"]
[SourceDate "2018.10.10"]
[SourceVersion "1"]
[SourceVersionDate "2018.10.10"]
[SourceQuality "1"]
[WhiteTeam "Kharkov Law Academy"]
[BlackTeam "Chaika Grandmasters' School"]
[WhiteTeamCountry "UKR"]
[BlackTeamCountry "UKR"]

1. Nf3 Nf6 2. c4 g6 3. Nc3 d5 4. cxd5 Nxd5 5. h4 h6 6. e4 Nxc3 7. dxc3 Qxd1+ 8.
Kxd1 Bg4 9. Kc2 Nd7 10. Be3 e5 11. Bc4 Bxf3 12. gxf3 Bd6 13. Rad1 Nf6 14. Bb5+
Ke7 15. a4 a6 16. Bc4 a5 17. Rd2 Nh5 18. Rhd1 Rh7 19. Rd5 Nf6 20. R5d3 Rhh8 21.
Bd5 Nxd5 22. Rxd5 Ke6 23. c4 Rhd8 24. Bxh6 Rh8 25. Bg7 Rh5 26. f4 f6 27. fxe5
Bxe5 28. f4 Bxf4 29. Rxh5 gxh5 30. Rd5 Be5 31. Bh6 c6 32. Rd2 Rg8 33. Re2 Rg4
34. Bd2 Bc7 35. Be1 c5 36. Kd3 b6 37. Ke3 Bg3 38. Bc3 Bxh4 39. Rh2 Bg5+ 40. Kf3
Rf4+ 41. Kg2 h4 42. Rh3 Rxe4 43. Rd3 Rxc4 44. Rd8 Bf4 45. Rc8 Kd7 46. Rh8 Be5
0-1

[Event "UKR-chT 9th"]
[Site "Alushta"]
[Date "2001.04.??"]
[Round "5"]
[White "Karjakin, Sergey"]
[Black "Miroshnichenko, Evgenij"]
[Result "1/2-1/2"]
[WhiteElo "2269"]
[BlackElo "2510"]
[PlyCount "101"]
[EventDate "2001.04.06"]
[EventType "team-tourn"]
[EventRounds "9"]
[EventCountry "UKR"]
[SourceTitle "EXT 2019"]
[Source "ChessBase"]
[SourceDate "2018.10.10"]
[SourceVersion "1"]
[SourceVersionDate "2018.10.10"]
[SourceQuality "1"]
[WhiteTeam "Chaika Grandmasters' School"]
[BlackTeam "Kiev Mriya Grandmaster School"]
[WhiteTeamCountry "UKR"]
[BlackTeamCountry "UKR"]

1. e4 c5 2. Nf3 d6 3. d4 cxd4 4. Nxd4 Nf6 5. Nc3 Nc6 6. Bc4 Qb6 7. Nxc6 bxc6 8.
O-O g6 9. Be3 Qxb2 10. Bd4 Qb4 11. Bxf6 exf6 12. Qd4 Ke7 13. Rab1 Qc5 14. Nd5+
cxd5 15. Qxc5 dxc5 16. Bxd5 Ba6 17. Bxa8 Bh6 18. Bd5 Bxf1 19. Rb7+ Kd6 20. Kxf1
f5 21. Rxf7 fxe4 22. Bxe4 a5 23. Ke2 Re8 24. Kd3 Re7 25. Rxe7 Kxe7 26. g3 Bg7
27. c3 Kf7 28. h4 h6 29. f4 Bf6 30. Kc4 Bg7 31. Bd5+ Kf8 32. g4 Bf6 33. g5 hxg5
34. hxg5 Bg7 35. Be4 Kf7 36. Bc2 Bh8 37. Bb3 Kf8 38. a3 Bg7 39. Bc2 Kf7 40. Kb3
Bh8 41. c4 Bd4 42. Ka4 Bb2 43. Be4 Bc1 44. Bc6 Kf8 45. Be4 Kf7 46. Kxa5 Bxa3
47. Kb5 Kg7 48. Bd5 Bc1 49. Kxc5 Bxf4 50. Kd4 Bxg5 51. c5 1/2-1/2

[Event "UKR-chT 9th"]
[Site "Alushta"]
[Date "2001.04.??"]
[Round "7"]
[White "Kruppa, Yuri"]
[Black "Karjakin, Sergey"]
[Result "1-0"]
[WhiteElo "2572"]
[BlackElo "2269"]
[PlyCount "77"]
[EventDate "2001.04.06"]
[EventType "team-tourn"]
[EventRounds "9"]
[EventCountry "UKR"]
[SourceTitle "EXT 2019"]
[Source "ChessBase"]
[SourceDate "2018.10.10"]
[SourceVersion "1"]
[SourceVersionDate "2018.10.10"]
[SourceQuality "1"]
[WhiteTeam "Danko-Donbass Donetsk"]
[BlackTeam "Chaika Grandmasters' School"]
[WhiteTeamCountry "UKR"]
[BlackTeamCountry "UKR"]

1. d4 d5 2. c4 dxc4 3. Nf3 Nf6 4. e3 e6 5. Bxc4 a6 6. Qe2 c5 7. O-O b5 8. Bd3
cxd4 9. Rd1 Nc6 10. a4 b4 11. exd4 Bb7 12. Bg5 Be7 13. Nbd2 Nd5 14. Bxe7 Qxe7
15. Qe1 O-O 16. Nb3 Nf4 17. Bf1 Na5 18. Nbd2 Nb3 19. Nxb3 Bxf3 20. gxf3 f5 21.
Nc1 Rf6 22. Ne2 Rg6+ 23. Kh1 Nd5 24. Bg2 Qg5 25. Qf1 f4 26. Rac1 Qh5 27. Ng1 h6
28. Re1 Rf8 29. Re5 Rf5 30. Rxf5 exf5 31. Rc5 Rd6 32. Qc4 Qf7 33. Ne2 Qe6 34.
Bf1 Kh7 35. a5 Qd7 36. Qc1 g5 37. Qc2 Kg6 38. Nc1 Qb7 39. Nd3 1-0

[Event "UKR-ch sf op"]
[Site "Alushta"]
[Date "2001.??.??"]
[Round "?"]
[White "Karjakin, Sergey"]
[Black "Alexikov, Alexander"]
[Result "1/2-1/2"]
[WhiteElo "2269"]
[BlackElo "2385"]
[PlyCount "102"]
[EventDate "2001.04.17"]
[EventType "swiss"]
[EventRounds "9"]
[EventCountry "UKR"]
[SourceTitle "EXT 2003"]
[Source "ChessBase"]
[SourceDate "2002.11.25"]
[SourceVersion "1"]
[SourceVersionDate "2002.11.25"]
[SourceQuality "1"]

1. e4 c5 2. Nf3 d6 3. d4 cxd4 4. Nxd4 Nf6 5. Nc3 a6 6. Be2 e5 7. Nb3 Be7 8. O-O
O-O 9. Kh1 b5 10. a4 b4 11. Nd5 Bb7 12. Nxe7+ Qxe7 13. f3 d5 14. exd5 Bxd5 15.
Bg5 Rd8 16. Nd2 Nbd7 17. Qe1 Qe6 18. b3 a5 19. Nc4 Qf5 20. Qc1 Qe6 21. Ne3 Rac8
22. Qd2 Rc5 23. Rad1 Nb6 24. Bh4 g6 25. Rfe1 Kg7 26. Bf1 h5 27. Qf2 Rdc8 28.
Bg3 Bb7 29. Nc4 Nxc4 30. Bxc4 Qf5 31. Qe3 e4 32. fxe4 Qxe4 33. Qf2 Qf5 34. Re7
Bd5 35. Qxf5 gxf5 36. Bf2 Rxc4 37. bxc4 Rxc4 38. Rd2 Ne4 39. Rxd5 Nxf2+ 40. Kg1
Rxc2 41. Rxf5 Nd3 42. Rexf7+ Kg6 43. R5f6+ Kg5 44. h4+ Kxh4 45. Re6 Kg5 46. Ra6
Rc5 47. Kh2 b3 48. Rb6 b2 49. Rb3 Rc3 50. Rb5+ Rc5 51. Rb3 Rc3 1/2-1/2

[Event "UKR-ch sf op"]
[Site "Alushta"]
[Date "2001.??.??"]
[Round "?"]
[White "Karjakin, Sergey"]
[Black "Eschenko, Vadim"]
[Result "1-0"]
[WhiteElo "2269"]
[BlackElo "2443"]
[PlyCount "107"]
[EventDate "2001.04.17"]
[EventType "swiss"]
[EventRounds "9"]
[EventCountry "UKR"]
[SourceTitle "EXT 2003"]
[Source "ChessBase"]
[SourceDate "2002.11.25"]
[SourceVersion "1"]
[SourceVersionDate "2002.11.25"]
[SourceQuality "1"]

1. e4 d5 2. exd5 Qxd5 3. Nc3 Qa5 4. d4 Nf6 5. Nf3 Bg4 6. h3 Bh5 7. g4 Bg6 8.
Ne5 e6 9. Bg2 Be4 10. Bxe4 Nxe4 11. Qf3 Nd6 12. Bf4 c6 13. h4 f6 14. Nd3 Nd7
15. O-O-O O-O-O 16. Rhe1 Re8 17. Kb1 Nc4 18. Ne4 e5 19. dxe5 Ndxe5 20. Bxe5
Nxe5 21. Qf5+ Kc7 22. f4 Nc4 23. Qxa5+ Nxa5 24. Nd2 Rxe1 25. Rxe1 b6 26. Re8
Nb7 27. h5 Nd6 28. Re1 Nf7 29. Nf3 Bd6 30. Kc1 Kd7 31. Kd2 Nh6 32. Nh4 Re8 33.
Rxe8 Kxe8 34. Ke2 Nxg4 35. Nf5 Bf8 36. Kf3 Nh2+ 37. Kg2 g6 38. hxg6 hxg6 39.
Ne3 Kd7 40. Kxh2 Ke6 41. Kg3 b5 42. Kf3 Bg7 43. f5+ gxf5 44. Nf4+ Ke5 45. Ng6+
Ke6 46. Nh4 Ke5 47. Nexf5 Bf8 48. Ng6+ Kxf5 49. Nxf8 Ke5 50. Ng6+ Kd5 51. Ne7+
Kd6 52. Nc8+ Kc7 53. Nxa7 b4 54. Ke4 1-0

[Event "UKR-ch sf op"]
[Site "Alushta"]
[Date "2001.??.??"]
[Round "?"]
[White "Karjakin, Sergey"]
[Black "Fingerov, Dmitry"]
[Result "1/2-1/2"]
[WhiteElo "2269"]
[BlackElo "2405"]
[PlyCount "66"]
[EventDate "2001.04.17"]
[EventType "swiss"]
[EventRounds "9"]
[EventCountry "UKR"]
[SourceTitle "EXT 2003"]
[Source "ChessBase"]
[SourceDate "2002.11.25"]
[SourceVersion "1"]
[SourceVersionDate "2002.11.25"]
[SourceQuality "1"]

1. e4 e6 2. d4 d5 3. Nc3 Nf6 4. Bg5 Bb4 5. e5 h6 6. Bd2 Bxc3 7. bxc3 Ne4 8. Qg4
Kf8 9. Bd3 Nxd2 10. Kxd2 Qg5+ 11. Qxg5 hxg5 12. Nh3 g4 13. Nf4 g5 14. Ne2 c5
15. Ng3 Nc6 16. Ke3 f5 17. exf6 Kf7 18. dxc5 Kxf6 19. c4 Na5 20. cxd5 exd5 21.
Raf1 Re8+ 22. Kd2 Nc4+ 23. Bxc4 dxc4 24. f4 Bd7 25. fxg5+ Kxg5 26. Rf7 Rad8 27.
Kc1 Rf8 28. Rhf1 Rxf7 29. Rxf7 Bc6 30. Rf2 c3 31. Rf5+ Kg6 32. Rf4 Kg5 33. Rf5+
Kg6 1/2-1/2

[Event "UKR-ch sf op"]
[Site "Alushta"]
[Date "2001.??.??"]
[Round "?"]
[White "Karjakin, Sergey"]
[Black "Varavin, Viktor"]
[Result "1-0"]
[WhiteElo "2269"]
[BlackElo "2445"]
[PlyCount "79"]
[EventDate "2001.04.17"]
[EventType "swiss"]
[EventRounds "9"]
[EventCountry "UKR"]
[SourceTitle "EXT 2003"]
[Source "ChessBase"]
[SourceDate "2002.11.25"]
[SourceVersion "1"]
[SourceVersionDate "2002.11.25"]
[SourceQuality "1"]

1. e4 e5 2. Nf3 Nc6 3. d4 exd4 4. Nxd4 Nf6 5. Nxc6 bxc6 6. e5 Qe7 7. Qe2 Nd5 8.
c4 Nb6 9. Nc3 a5 10. Qe4 Bb7 11. Be3 g6 12. O-O-O Bg7 13. f4 O-O 14. h4 Rfe8
15. h5 d5 16. Qc2 Rad8 17. hxg6 hxg6 18. cxd5 cxd5 19. Bb5 Nc4 20. Nxd5 Bxd5
21. Bxc4 Qe6 22. Rxd5 Rxd5 23. Kb1 Red8 24. Rc1 Qg4 25. Bxd5 Rxd5 26. a3 Bf8
27. Ka1 Rb5 28. Qc4 Qd7 29. Qxc7 Qd3 30. Qc3 Qe4 31. g4 a4 32. Qd4 Qf3 33. Rc8
Qe2 34. e6 fxe6 35. Qf6 Rxb2 36. Qxb2 Qxe3 37. Rc3 Qe4 38. Qc2 Qd5 39. Rc4 Kf7
40. Qe4 1-0

[Event "UKR-ch sf op"]
[Site "Alushta"]
[Date "2001.??.??"]
[Round "?"]
[White "Karjakin, Sergey"]
[Black "Zubov, Oleksander"]
[Result "0-1"]
[WhiteElo "2269"]
[BlackElo "2328"]
[PlyCount "116"]
[EventDate "2001.04.17"]
[EventType "swiss"]
[EventRounds "9"]
[EventCountry "UKR"]
[SourceTitle "EXT 2003"]
[Source "ChessBase"]
[SourceDate "2002.11.25"]
[SourceVersion "1"]
[SourceVersionDate "2002.11.25"]
[SourceQuality "1"]

1. e4 e5 2. Nf3 Nc6 3. d4 exd4 4. Nxd4 Bc5 5. Nb3 Bb6 6. Nc3 Nf6 7. Qe2 O-O 8.
Be3 Re8 9. f3 Bxe3 10. Qxe3 d6 11. O-O-O a6 12. g4 b5 13. g5 Nd7 14. h4 Nb6 15.
h5 Ne5 16. h6 b4 17. Nd5 Nxd5 18. Rxd5 Bb7 19. Rd4 Qe7 20. Be2 c5 21. Rdd1 g6
22. Na5 Rad8 23. f4 Nc6 24. Nxb7 Qxb7 25. Bc4 Ne7 26. Rhe1 Nc8 27. f5 Nb6 28.
Bf1 Qe7 29. Qf4 a5 30. e5 dxe5 31. Rxd8 Qxd8 32. Rxe5 Rxe5 33. Qxe5 Qxg5+ 34.
Kb1 Qxh6 35. Qb8+ Qf8 36. Qxb6 Qe8 37. b3 Qe1+ 38. Kb2 Qc3+ 39. Kb1 Qe1+ 40.
Kb2 Qxf1 41. f6 h5 42. Qd8+ Kh7 43. Qe7 Kh6 44. Qxf7 Kg5 45. Qd5+ Kxf6 46. Qxc5
Qf5 47. Qb6+ Kg7 48. Qa7+ Kh6 49. Qe3+ g5 50. Qb6+ Kg7 51. Qa7+ Kg6 52. c4
bxc3+ 53. Kxc3 h4 54. Kd2 h3 55. Ke1 Qb1+ 56. Kf2 Qxa2+ 57. Ke3 Qxb3+ 58. Kf2
Qf7+ 0-1

[Event "UKR-ch sf op"]
[Site "Alushta"]
[Date "2001.??.??"]
[Round "?"]
[White "Meister, Jakob"]
[Black "Karjakin, Sergey"]
[Result "1-0"]
[WhiteElo "2473"]
[BlackElo "2269"]
[PlyCount "77"]
[EventDate "2001.04.17"]
[EventType "swiss"]
[EventRounds "9"]
[EventCountry "UKR"]
[SourceTitle "EXT 2003"]
[Source "ChessBase"]
[SourceDate "2002.11.25"]
[SourceVersion "1"]
[SourceVersionDate "2002.11.25"]
[SourceQuality "1"]

1. e4 c5 2. Nc3 Nc6 3. f4 g6 4. Nf3 Bg7 5. Bb5 Nd4 6. a4 e6 7. e5 a6 8. Bc4 d6
9. exd6 Nh6 10. Ne4 Nhf5 11. c3 Nxf3+ 12. Qxf3 Nxd6 13. d3 O-O 14. a5 Nxe4 15.
dxe4 b5 16. axb6 Qxb6 17. O-O Bd7 18. Qe2 Bb5 19. Ra2 Qc6 20. Ra5 Qb6 21. Ra2
Qc6 22. Re1 Kh8 23. e5 h5 24. Be3 Rae8 25. Bf2 Rd8 26. h3 Rd7 27. b3 Bh6 28. f5
Bxc4 29. Qxc4 gxf5 30. Rxa6 Qb7 31. Rd6 Rg8 32. g3 f4 33. Qe2 Rg5 34. c4 fxg3
35. Be3 Rg6 36. Bxh6 Rxh6 37. Qd2 Rg6 38. Rxd7 Qf3 39. Rf1 1-0

[Event "UKR-ch sf op"]
[Site "Alushta"]
[Date "2001.??.??"]
[Round "?"]
[White "Nosenko, Alexander"]
[Black "Karjakin, Sergey"]
[Result "1-0"]
[WhiteElo "2471"]
[BlackElo "2269"]
[PlyCount "81"]
[EventDate "2001.04.17"]
[EventType "swiss"]
[EventRounds "9"]
[EventCountry "UKR"]
[SourceTitle "EXT 2003"]
[Source "ChessBase"]
[SourceDate "2002.11.25"]
[SourceVersion "1"]
[SourceVersionDate "2002.11.25"]
[SourceQuality "1"]

1. Nf3 d5 2. b3 Nf6 3. Bb2 e6 4. e3 Be7 5. d4 O-O 6. Bd3 c5 7. Nbd2 Nc6 8. O-O
b6 9. a3 Bb7 10. Qe2 Rc8 11. Rfd1 Qc7 12. dxc5 bxc5 13. c4 Nd7 14. cxd5 exd5
15. Rac1 Rfd8 16. Bb1 Qb8 17. h4 Nf8 18. h5 Ne6 19. Bf5 Bd6 20. Qd3 h6 21. Bxe6
fxe6 22. Bxg7 Kxg7 23. Qg6+ Kf8 24. Qxh6+ Ke8 25. Qxe6+ Be7 26. Ne4 Rd6 27.
Nf6+ Kd8 28. Rxd5 Rxd5 29. Qg8+ Kc7 30. Nxd5+ Kd7 31. Qg4+ Ke8 32. Qg6+ Kd8 33.
Rd1 Qd6 34. Qg8+ Kd7 35. Nf6+ Bxf6 36. Rxd6+ Kxd6 37. Qf7 Be7 38. h6 Rf8 39.
Qg7 Nd8 40. h7 Nf7 41. Qxf7 1-0

[Event "UKR-ch sf op"]
[Site "Alushta"]
[Date "2001.??.??"]
[Round "?"]
[White "Zavgorodniy, Sergiy"]
[Black "Karjakin, Sergey"]
[Result "0-1"]
[WhiteElo "2370"]
[BlackElo "2269"]
[PlyCount "50"]
[EventDate "2001.04.17"]
[EventType "swiss"]
[EventRounds "9"]
[EventCountry "UKR"]
[SourceTitle "EXT 2003"]
[Source "ChessBase"]
[SourceDate "2002.11.25"]
[SourceVersion "1"]
[SourceVersionDate "2002.11.25"]
[SourceQuality "1"]

1. c4 e5 2. Nc3 Nc6 3. g3 g6 4. Bg2 Bg7 5. e3 d6 6. d3 f5 7. Nge2 Nf6 8. O-O
O-O 9. Rb1 a5 10. a3 h6 11. b4 axb4 12. axb4 g5 13. f4 Ne7 14. Qb3 Kh8 15. b5
Re8 16. Bd2 Rb8 17. Nc1 Be6 18. N1a2 gxf4 19. exf4 Ng6 20. Ne2 d5 21. Qc2 dxc4
22. dxc4 Bxc4 23. Qxc4 Qxd2 24. Kh1 exf4 25. Nxf4 Nxf4 0-1

[Event "Keres Memorial op"]
[Site "Tallinn"]
[Date "2001.07.28"]
[Round "6"]
[White "Karjakin, Sergei"]
[Black "Reizniece Ozola, Dana"]
[Result "1/2-1/2"]
[WhiteElo "2171"]
[BlackElo "2312"]
[PlyCount "105"]
[EventDate "2001.07.25"]
[EventType "swiss"]
[EventRounds "9"]
[EventCountry "EST"]
[SourceTitle "CBM 083 Extra"]
[Source "ChessBase"]
[SourceDate "2001.09.11"]
[SourceVersion "1"]
[SourceVersionDate "2001.09.11"]
[SourceQuality "1"]

1. e4 d6 2. d4 Nf6 3. Nc3 g6 4. f4 Bg7 5. Nf3 O-O 6. Bd3 Na6 7. O-O c5 8. d5
Bg4 9. h3 Bxf3 10. Qxf3 Nc7 11. Bd2 e6 12. Rae1 exd5 13. exd5 Qd7 14. a4 a6 15.
a5 Nb5 16. Ne2 Ne8 17. f5 Rc8 18. c3 c4 19. Bb1 Nf6 20. Nf4 Rce8 21. Qg3 Rxe1
22. Bxe1 Nc7 23. Qh4 Ncxd5 24. Nxd5 Nxd5 25. f6 Nxf6 26. Rxf6 Bxf6 27. Qxf6 Qe6
28. Qxe6 fxe6 29. Be4 d5 30. Bf3 Kf7 31. Bg3 Ke7 32. Kf2 Rc8 33. Ke3 Rc5 34.
Bh4+ Kd6 35. Bd8 Rb5 36. Kf4 h6 37. Bb6 Rxb2 38. Bd4 Ra2 39. Bg7 Rxa5 40. Bf8+
Kd7 41. Bxh6 Rb5 42. Ke5 Ke7 43. Bg4 Rb6 44. Be3 Rc6 45. Bc1 a5 46. h4 b5 47.
Ba3+ Kf7 48. h5 gxh5 49. Bxh5+ Kg7 50. Bg4 b4 51. cxb4 axb4 52. Bxb4 c3 53.
Bxc3 1/2-1/2

[Event "Keres Memorial op"]
[Site "Tallinn"]
[Date "2001.07.29"]
[Round "7"]
[White "Lybin, Dmitry Vitalievich"]
[Black "Karjakin, Sergei"]
[Result "1/2-1/2"]
[WhiteElo "2434"]
[BlackElo "2171"]
[PlyCount "228"]
[EventDate "2001.07.25"]
[EventType "swiss"]
[EventRounds "9"]
[EventCountry "EST"]
[SourceTitle "CBM 083 Extra"]
[Source "ChessBase"]
[SourceDate "2001.09.11"]
[SourceVersion "1"]
[SourceVersionDate "2001.09.11"]
[SourceQuality "1"]

1. d4 Nf6 2. c4 g6 3. Nc3 Bg7 4. Bg5 O-O 5. Nf3 d6 6. e3 Nbd7 7. Be2 c6 8. Qc2
a6 9. a4 Qa5 10. O-O e5 11. b4 Qxb4 12. a5 exd4 13. exd4 d5 14. c5 Nxc5 15.
Bxf6 Bf5 16. Na2 Qxa5 17. Qxc5 Qxc5 18. dxc5 Bxf6 19. Rad1 Rfe8 20. Bd3 Bxd3
21. Rxd3 Re2 22. Nc1 Rc2 23. Rb3 a5 24. Nd3 a4 25. Ra3 Rc3 26. Rxc3 Bxc3 27.
Rc1 a3 28. Rxc3 a2 29. Rc1 a1=Q 30. Rxa1 Rxa1+ 31. Nfe1 Rb1 32. Kf1 b6 33. Ke2
bxc5 34. Nxc5 Kf8 35. Ned3 Ke7 36. h4 Kd6 37. Ke3 Rd1 38. g3 h5 39. Nb7+ Kc7
40. Nbc5 f6 41. Nf4 g5 42. hxg5 fxg5 43. Nce6+ Kd6 44. Nxg5 c5 45. Ke2 Rh1 46.
Nf7+ Ke7 47. Ne5 Kd6 48. Nf7+ Ke7 49. Ne5 d4 50. Kd3 Kd6 51. Nf3 Rc1 52. Nh4
Ke5 53. Nf3+ Kf5 54. Nd2 h4 55. Nf3 hxg3 56. fxg3 Kg4 57. Ne5+ Kxg3 58. Ne2+
Kf2 59. Nxc1 c4+ 60. Nxc4 Kf3 61. Ne2 Kg4 62. Nd2 Kf5 63. Nf3 Ke6 64. Ke4 d3
65. Nf4+ Kd6 66. Nd2 Kc5 67. Ke5 Kc6 68. Ng6 Kc5 69. Ne7 Kb4 70. Kd4 Kb5 71.
Nf5 Kc6 72. Kc4 Kd7 73. Kd5 Kc7 74. Nd4 Kb6 75. Kd6 Kb7 76. Ne6 Kb6 77. Nc7 Kb7
78. Nd5 Kc8 79. Ke7 Kb7 80. Kd7 Ka6 81. Kc6 Ka5 82. Kc5 Ka6 83. Kb4 Kb7 84. Kb5
Kc8 85. Kc6 Kd8 86. Kd6 Ke8 87. Ke6 Kd8 88. Nb4 Kc7 89. Ke7 Kb6 90. Kd6 Kb7 91.
Nd5 Kc8 92. Ke7 Kb7 93. Kd7 Ka6 94. Kc6 Ka5 95. Nb6 Kb4 96. Nbc4 Ka4 97. Nd6
Kb4 98. N6e4 Ka5 99. Kc5 Ka6 100. Nd6 Ka5 101. Nb7+ Ka4 102. Kc4 Ka3 103. Nc5
Kb2 104. Nce4 Kc2 105. Kd4 Kb2 106. Nf6 Kc2 107. Ke3 Kb2 108. Nd5 Kc2 109. Ne7
Kc3 110. Nc6 Kb2 111. Nd4 Kc3 112. N4f3 Kb4 113. Kd4 Kb5 114. Ne5 Kb6 1/2-1/2

[Event "Keres Memorial op"]
[Site "Tallinn"]
[Date "2001.07.30"]
[Round "8"]
[White "Karjakin, Sergei"]
[Black "Fomina, Tatyana"]
[Result "1/2-1/2"]
[WhiteElo "2171"]
[BlackElo "2269"]
[PlyCount "106"]
[EventDate "2001.07.25"]
[EventType "swiss"]
[EventRounds "9"]
[EventCountry "EST"]
[SourceTitle "CBM 083 Extra"]
[Source "ChessBase"]
[SourceDate "2001.09.11"]
[SourceVersion "1"]
[SourceVersionDate "2001.09.11"]
[SourceQuality "1"]

1. e4 e6 2. d4 d5 3. Nc3 dxe4 4. Nxe4 Bd7 5. Nf3 Bc6 6. Ned2 Nf6 7. Bd3 Bd6 8.
Nc4 Nbd7 9. O-O O-O 10. c3 b6 11. Re1 h6 12. a4 Bb7 13. a5 a6 14. Nxd6 cxd6 15.
axb6 Qxb6 16. Qe2 Qc6 17. Qf1 Rfe8 18. Bf4 Nf8 19. Nd2 Nd5 20. Bg3 f5 21. f3
Ng6 22. Nc4 Ndf4 23. Na5 Qc7 24. Nxb7 Qxb7 25. b4 Qc7 26. Ra3 Nd5 27. Rea1 Kh7
28. b5 a5 29. c4 Ndf4 30. Bxf4 Nxf4 31. g3 Nxd3 32. Qxd3 Rec8 33. Ra4 Qb6 34.
Kg2 g6 35. Re1 Re8 36. Ra2 Re7 37. f4 Rc8 38. Rae2 Rce8 39. h3 Kg7 40. Kh2 Kf7
41. Qc3 Rc8 42. h4 Qxb5 43. d5 Rxc4 44. dxe6+ Rxe6 45. Qh8 Rxe2+ 46. Rxe2 Re4
47. Qh7+ Kf6 48. Qh8+ Ke6 49. Qg8+ Kd7 50. Qf7+ Kd8 51. Qf8+ Kd7 52. Qf7+ Kd8
53. Qf8+ Kd7 1/2-1/2